Joueur français du siècle - Statistiques

Statistiques générales
  • Ce quiz a été pris 82 fois
  • Le résultat moyen est 6 sur 10
Statistiques - réponses
Rang Joueur Votes % Correct
2 Zinedine Zidane 121
99%
1 Michel Platini 143
87%
5 Just Fontaine 22
68%
9 Didier Deschamps 9
63%
4 Laurent Blanc 28
62%
3 Raymond Kopa 88
62%
8 Jean-Pierre Papin 12
51%
6 Marius Trésor 17
39%
7 Alain Giresse 15
38%
10 Eric Cantona 8
36%
Aucun quiz correspondant
Distribution des résultats
% des personnes avec chaque résultat
Percentile par nombre de réponses
Votre historique - résultats
Vous n’avez pas pris ce quiz